Đang tải...
Nothing to Lose Everthing to Lose
| Tác giả chính: | |
|---|---|
| Tác giả khác: | |
| Định dạng: | Printed Book |
| Được phát hành: |
New York
penguin Group
2010,2011
|
| Phiên bản: | 1st |
| Những chủ đề: |
| LEADER | 00533nam a22001817a 4500 | ||
|---|---|---|---|
| 003 | OSt | ||
| 020 | |a 9781591844037 | ||
| 082 | |a 658.11 |b BLA/NO | ||
| 100 | |a Ryan Blair | ||
| 245 | |a Nothing to Lose Everthing to Lose | ||
| 250 | |a 1st | ||
| 260 | |a New York |b penguin Group |c 2010,2011 | ||
| 300 | |a 222 | ||
| 650 | |a Honor Your Deals | ||
| 700 | |a Don Yaeger | ||
| 942 | |2 ddc |c BK | ||
| 999 | |c 188984 |d 188984 | ||
| 952 | |0 0 |1 0 |2 ddc |4 0 |6 658_110000000000000_BLA_NO |7 0 |9 195131 |a KAUCBV |b KAUCBV |d 2015-05-04 |g 0.00 |o 658.11 BLA/NO |r 2015-05-04 |w 2015-05-04 |y BK | ||